Bank dan cek
| Main Author: | |
|---|---|
| Format: | Book |
| Published: |
Kuala Lumpur
Dewan Bahasa dan Pustaka
1974
|
| Subjects: |
MARC
| LEADER | 00000cam a2200000 7i4500 | ||
|---|---|---|---|
| 001 | 0000000277 | ||
| 008 | 021118s1974 | ||
| 090 | 0 | 0 | |a HG1607.M3 |b .M36 |
| 100 | 0 | |a Mansor Latif |e author | |
| 245 | 0 | 0 | |a Bank dan cek |c Mansor Latif |f suntingan A. Qamaruddin |
| 260 | 2 | |a Kuala Lumpur |b Dewan Bahasa dan Pustaka |c 1974 | |
| 650 | 0 | |a Banks and banking | |
| 650 | 0 | |a Cheques | |
| 999 | |a 1000017130 |b Book |c OPEN SHELF (30 DAYS) |e Gong Badak Campus | ||
| 999 | |a 1000017131 |b Book |c OPEN SHELF (30 DAYS) |e Gong Badak Campus | ||